000
00245nam a2200097Ia 4500
001
1250273
005
20251031150853.0
008
251031s9999 xx 000 0 und d
245
0
_c
AHMET BATMAN
_a
A-4 BAŞKA BİR ŞEY
260
_b
DESTEK YAYINLARI
999
_c
1250273
_d
1250273